| 000 | 00938nam a22002897a 4500 | ||
|---|---|---|---|
| 001 | 201 | ||
| 003 | FISKH | ||
| 005 | 20231211145402.0 | ||
| 008 | 230303b cb ||||| |||| 00| 0 eng d | ||
| 020 | _a9781561455652 | ||
| 040 |
_aDLC _cDLC _dDLC _dFISKH _beng |
||
| 042 | _apcc | ||
| 050 | 0 | 0 |
_aPS3602.U386 _bA85 2011 |
| 082 | 0 | 0 |
_a811/.6 _222 |
| 100 | 1 |
_aBulion, Leslie, _d1958- |
|
| 245 | 1 | 0 |
_aAt the sea floor café : _bodd ocean critter poems / _cwritten by Leslie Bulion ; illustrated by Leslie Evans. |
| 260 |
_aAtlanta _bPeachtree Publishers _c2011 |
||
| 300 |
_a45 p. : _bcol. ill. ; _c22 cm. |
||
| 521 | 8 |
_a1130
_bLexile |
|
| 650 | 0 |
_aMarine animals _vJuvenile poetry. |
|
| 650 | 0 | _aChildren's poetry, American. | |
| 650 | 0 | _aHumorous poetry, American. | |
| 650 | 0 |
_aMarine sciences _vJuvenile literature. |
|
| 700 | 1 |
_aEvans, Leslie, _d1953- _eill. |
|
| 906 |
_a7 _bcbc _corignew _d1 _eecip _f20 _gy-gencatlg |
||
| 942 |
_2ddc _cBK _n0 |
||
| 999 |
_c201 _d201 |
||